Nghị định của chính phủ về bảo vệ an toàn lưới điện cao áp

Сохранить в:
Библиографические подробности
Формат:
Язык:Undetermined
Опубликовано: Hà Nội Chính trị Quốc gia 1999
Метки: Добавить метку
Нет меток, Требуется 1-ая метка записи!
Thư viện lưu trữ: Trung tâm Học liệu Trường Đại học Cần Thơ
LEADER 00442nam a2200133Ia 4500
001 CTU_46736
008 210402s9999 xx 000 0 und d
082 |a 343.59709 
082 |b Ngh300/1999 
245 0 |a Nghị định của chính phủ về bảo vệ an toàn lưới điện cao áp 
260 |a Hà Nội 
260 |b Chính trị Quốc gia 
260 |c 1999 
980 |a Trung tâm Học liệu Trường Đại học Cần Thơ